স্রষ্টা ধর্ম জীবন / (Record no. 13865)
[ view plain ]
| 000 -LEADER | |
|---|---|
| fixed length control field | 00795nam a2200241 a 4500 |
| 001 - CONTROL NUMBER | |
| JCCL Control Number | 13865 |
| 003 - CONTROL NUMBER IDENTIFIER | |
| JCCL marc code | BD-JhCC |
| 005 - DATE AND TIME OF LATEST TRANSACTION | |
| control field | 20240425132852.0 |
| 008 - FIXED-LENGTH DATA ELEMENTS--GENERAL INFORMATION | |
| fixed length control field | 220216s20132021bg |||| |||| 000 0 ben d |
| 020 ## - INTERNATIONAL STANDARD BOOK NUMBER | |
| International Standard Book Number | 9789843376763 |
| 035 ## - SYSTEM CONTROL NUMBER | |
| system control number | (BD-JhCC)13865 |
| 040 ## - CATALOGING SOURCE | |
| Original cataloging agency | BD-JhCC |
| Modifying agency | BD-JhCC |
| 041 ## - LANGUAGE CODE | |
| Language code of Book | bangali |
| 082 ## - DEWEY DECIMAL CLASSIFICATION NUMBER | |
| Classification number | 297 |
| Author mark and Year | FIL 2021 |
| 100 ## - MAIN ENTRY--PERSONAL NAME | |
| Personal name | ফিলিপ্স ,ড. আবু আমিনাহ বিলাল |
| 245 ## - TITLE STATEMENT | |
| Title | স্রষ্টা ধর্ম জীবন / |
| Statement of responsibility, etc | ড. আবু আমিনাহ বিলাল ফিলিপ্স । |
| 260 ## - PUBLICATION, DISTRIBUTION, ETC. (IMPRINT) | |
| Place of publication, distribution, etc | ঢাকা : |
| Name of publisher, distributor, etc | সিয়ান পাবলিকেশন; |
| Date of publication, distribution, etc | 2021. |
| 300 ## - PHYSICAL DESCRIPTION | |
| Pagination | ৮৪ পৃ. : |
| Dimensions | ২১ সেমি. |
| 650 ## - SUBJECT ADDED ENTRY--TOPICAL TERM | |
| Topical term or geographic name as entry element | Islamic |
| 650 ## - SUBJECT ADDED ENTRY--TOPICAL TERM | |
| Topical term or geographic name as entry element | Success. |
| 942 ## - ADDED ENTRY ELEMENTS (KOHA) | |
| Source of classification or shelving scheme | Dewey Decimal Classification |
| Koha item type | Books |
| Koha issues (borrowed), all copies | 2 |
| Source of classification or shelving scheme | Damaged status | Not for loan | Home library | Current library | Shelving location | Date of accession | Source of acquisition | Cost, normal purchase price | Total Checkouts | Full call number | Barcode | Checked out | Date last seen | Date checked out | Copy number | Method of acquisition | Koha item type | Currency |
|---|---|---|---|---|---|---|---|---|---|---|---|---|---|---|---|---|---|---|
| Dewey Decimal Classification | JCC Rouf Library | JCC Rouf Library | General Stacks | With The Compliments Of 7th Intake | 110.00 | 3 | 297 FIL 2021 | 19180 | 01/13/2026 | 12/18/2025 | 12/18/2025 | C-1 | Gift/Donation | Books | BDT | |||
| Dewey Decimal Classification | JCC Rouf Library | JCC Rouf Library | General Stacks | With the compliments of Maj (Retd) Syed Sakhawat Hussain,07/0388/K | 110.00 | 297 FIL 2018 | 19789 | 12/11/2024 | C-2 | Gift/Donation | Books | BDT |